| 000 | 00914 a2200229 4500 | ||
|---|---|---|---|
| 003 | Nust | ||
| 005 | 20221018142708.0 | ||
| 010 | _a 90023744 | ||
| 020 | _a0836800249 | ||
| 040 | _cNust | ||
| 082 | 0 | 0 | _a610.9,PAR |
| 100 | 1 |
_aParker, Steve, _913608 |
|
| 245 | 1 | 4 |
_aThe history of medicine / _cSteve Parker. |
| 250 | _aNorth American ed. | ||
| 260 |
_aMilwaukee, WI : _bGareth Stevens Children's Books, _c1992. |
||
| 300 |
_a64 p. : _bcol. ill. ; _c27 cm. |
||
| 440 | 0 |
_aGareth Stevens information library _9100120 |
|
| 505 | _aHealth, Illness And Medicine (Page-4), Medicine In Ancient Times (Page-10), Medieval Medicine (Page-16), Scientific Beginnings (Page-22), A Time Of Rapid Progress (Page-30), The Medical Sys Today (Page-38), Medicine In Other Places (Page-48), Medicine In The Future (Page-56). | ||
| 650 | 0 |
_aMedicine _xHistory _9100637 |
|
| 650 | 0 |
_aMedicine _xHistory. _9100637 |
|
| 942 |
_2ddc _cBK |
||
| 999 |
_c185836 _d185836 |
||